| 000 | 00823nam a22002177a 4500 | ||
|---|---|---|---|
| 999 |
_c7893 _d7893 |
||
| 003 | AR-CdUCM | ||
| 008 | 190321b ||||| |||| 00| 0 spa d | ||
| 040 |
_aMUNICIPALIDAD PROVINCIAL DEL CUSCO _cBIBLIOTECA MUNICIPAL DEL CUSCO |
||
| 082 |
_a302.23 / _bP38 |
||
| 100 |
_aPeirano Falconí, Luis _922316 |
||
| 245 | _aRisa y cultura en la televisión peruana / | ||
| 260 |
_aLima : _bDESCO, Centro de Estudios y Promoción del Desarrollo, _c1984. |
||
| 300 |
_a320 páginas ; _c21 cm. |
||
| 650 |
_aTelevisión y cultura _922317 |
||
| 650 |
_aSátira y humorismo. _917112 |
||
| 700 |
_aSánchez León, Abelardo _92261 |
||
| 710 |
_aDESCO, Centro de Estudios y Promoción del Desarrollo (Lima) _94125 |
||
| 710 |
_aAsociación Civil de Estudios y Publicaciones Urbanas (Lima) _922318 |
||
| 942 |
_2ddc _cLIBROS |
||
| 945 | _araen | ||